載入...

Pachatya bhasha patanam /

書目詳細資料
主要作者: Sreenath, M.
語言:Undetermined
出版: Thiruvananthapuram : Kerala Bhasha Institute , 1991.
LEADER 00462nam a2200133Ia 4500
001 148361
008 170722s9999 xx 000 0 und d
100 |a Sreenath, M. 
245 |a Pachatya bhasha patanam / 
260 |a Thiruvananthapuram :  |b Kerala Bhasha Institute ,  |c 1991. 
300 |a 150 p. 
942 |c GEN 
999 |c 118504  |d 118504 
952 |0 0  |1 0  |4 0  |6 P__5_000000000000000_32N1  |7 0  |8 LC1  |9 167571  |a LIB  |b LIB  |d 2017-08-12  |h LC1  |o P.5 32N1  |p 232574  |r 2017-08-12  |v 18.00  |w 2017-08-12  |y GEN